000
00205nam a2200109Ia 4500
100
_a
HENRY KISSENGER.
942
_c
BK
245
_a
YEARS OF UPHEAVAL
260
_b
#N/A
546
_a
ENGLISH
999
_c
31919
_d
31919